00772nam a2200193 a 450000100100000000500170001000800410002704000250006808200160009311000670010924000210017624501210019724600790031826000640039730000210046150000250048250000420050770000290054900000639020200929153926.0090828s1985 dr 001 0 spa d aDO-SdBNPbspacBNPHU axxxxbR426s1 aRepública Dominicana.bSecretaría de Estado de Agricultura13aLeyes y decretos10aSinopsis de leyes, reglamentos y decretos del subsector recursos naturales /cpresentación Juan Antonio Gozález.14aSinopsis de leyes, reglamentos y decretos del subsector recursos naturales aSanto Domingo :bSecretaría de Recursos Naturales,c1985. a337 p. ;c21 cm. aTítulo de cubierta aIncluye una nota al pie de la ( p.56)1 aGonzález, Juan Antonio